[Event "Mondiale Semilampo 2016"]
[Site "Doha QAT"]
[Date "2016.12.26"]
[Round "1.3"]
[White "Nepomniachtchi, Ian"]
[Black "Pantsulaia, Levan"]
[Result "1/2-1/2"]
[WhiteTitle "GM"]
[BlackTitle "GM"]
[WhiteElo "2767"]
[BlackElo "2607"]
[WhiteFideId "4168119"]
[BlackFideId "13602071"]
[EventDate "2016.12.26"]

1. e4 c5 2. Nf3 e6 3. d4 cxd4 4. Nxd4 a6 5. c4 Nf6 6. Nc3 Qc7 7. Be2 b6 8. O-O
Bb7 9. f3 Be7 10. Be3 O-O 11. Qd2 d6 12. Rfc1 Nbd7 13. b4 Rfe8 14. Na4 Bf8 15.
Rab1 Rac8 16. Bf1 Qb8 17. Qf2 Ba8 18. Nb3 Rc6 19. Rd1 Rec8 20. Rb2 Ne5 21. b5
Rxc4 22. Nxb6 axb5 23. Bxc4 Nxc4 24. Nxc8 Nxb2 25. Qxb2 Qxc8 26. Rc1 Qa6 27. Rc7
d5 28. e5 d4 29. Bxd4 Nd5 30. Ra7 Qc8 31. Qc1 Qb8 32. Bc5 Nf4 33. Rxa8 Ne2+ 34.
Kf2 Qxa8 35. Kxe2 Qxa2+ 36. Nd2 Qd5 37. Bd6 Bxd6 38. exd6 Qxd6 39. Qc8+ Qf8 40.
Qb7 b4 41. Ne4 h6 42. Qb6 Qe7 43. g3 g5 44. Nc5 b3 45. Nxb3 Qa3 46. Nd2 Qa1 47.
Kf2 Kg7 48. Kg2 Qe5 49. Qf2 Qd5 50. Ne4 g4 51. Qb2+ e5 52. Qd2 gxf3+ 53. Kxf3
Qe6 54. Qd6 Qf5+ 55. Ke3 h5 56. Qd8 f6 57. Qe7+ Kg6 58. Qe8+ Kg7 59. h4 Qg6 60.
Qd7+ Qf7 61. Qf5 Qg6 62. Qc8 Qf7 63. Nc5 Kg6 64. Qa8 Qc7 65. Qg8+ Kf5 66. Qc4
Kg6 67. Qg8+ Kf5 68. Qd5 Kg4 69. Qf3+ Kh3 70. Qh1+ Kg4 71. Qf3+ Kh3 72. Qf5+ Kg2
73. Qf2+ Kh3 74. Ke4 Qc8 75. Kd5 Qg8+ 76. Ne6 Qxg3 77. Qxf6 Qxh4 78. Qf3+ Kh2
79. Qe2+ Kg1 80. Qd1+ Kg2 81. Kxe5 Qg4 82. Nf4+ Kf2 83. Qd2+ Kf1 84. Qc1+ Kf2
85. Nd3+ Ke2 86. Nf4+ Kf2 87. Qc5+ Kf3 88. Qd5+ Kf2 89. Qd4+ Kf1 90. Ke4 h4 91.
Qa1+ Kf2 92. Qb2+ Kf1 93. Qh2 h3 94. Qd2 Kg1 95. Qe1+ Kh2 96. Qf1 Kg3 97. Qe1+
Kh2 98. Qe3 Qg3 99. Qd2+ Kh1 100. Kf5 Qf3 101. Kg5 Kg1 102. Ne2+ Kg2 103. Nf4+
Kg1 104. Qd4+ Kf1 105. Qc4+ Kf2 106. Qc2+ Kg1 107. Qc5+ Kf1 108. Qc1+ Kf2 109.
Qc2+ Kg1 110. Ne2+ Kg2 111. Nd4+ Qf2 112. Qe4+ Kg1 113. Nf3+ Kf1 114. Qc4+ Qe2
115. Qf4 Qf2 116. Kg4 Qg2+ 117. Kh4 Ke2 118. Nd4+ Kd3 119. Nf3 Ke2 120. Nd4+ Kd3
121. Qd6 Qf2+ 122. Kxh3 Qxd4 123. Qxd4+ Kxd4 1/2-1/2

[Event "Mondiale Semilampo 2016"]
[Site "Doha QAT"]
[Date "2016.12.26"]
[Round "1.4"]
[White "Grandelius, Nils"]
[Black "Karjakin, Sergey"]
[Result "1-0"]
[WhiteTitle "GM"]
[BlackTitle "GM"]
[WhiteElo "2643"]
[BlackElo "2785"]
[WhiteFideId "1710400"]
[BlackFideId "14109603"]
[EventDate "2016.12.26"]

1. e4 e5 2. Nf3 Nc6 3. Bb5 a6 4. Ba4 Nf6 5. O-O Be7 6. Re1 b5 7. Bb3 d6 8. c3
O-O 9. h3 Nb8 10. d4 Nbd7 11. Nbd2 Bb7 12. Bc2 Re8 13. Nf1 Bf8 14. Ng3 g6 15. a4
c5 16. d5 c4 17. Bg5 h6 18. Be3 Qc7 19. Qd2 h5 20. Bh6 Reb8 21. Bxf8 Nxf8 22.
Qh6 Qe7 23. Nd2 N6d7 24. Rf1 Bc8 25. f4 Nh7 26. axb5 axb5 27. Nf3 Qf8 28. Qxf8+
Nhxf8 29. fxe5 Nxe5 30. Nxe5 dxe5 31. b3 Nd7 32. b4 Kg7 33. Kf2 Nf6 34. Ne2 Ne8
35. Ng1 Nd6 36. Nf3 f6 37. Ke3 Bd7 38. Rg1 Kf7 39. Rgf1 Ke7 40. Nh4 Kf7 41. Nf3
Kg7 42. Rg1 g5 43. Rgf1 h4 44. Nd2 Kf7 45. Bd1 f5 46. Bf3 f4+ 47. Kf2 Ke7 48.
Rfc1 Ne8 49. Rcb1 Nf6 50. Rh1 Rh8 51. Ke2 Kd6 52. Kf2 Kc7 53. Ke2 Kb6 54. Kf2
Rhg8 55. Ke2 Kb7 56. Kf2 Kc7 57. Ke2 Rgb8 58. Kf2 Kd6 59. Ke2 Ke7 60. Kf2 Bc8
61. Ke2 Bd7 62. Kf2 Ne8 63. Rhc1 Nd6 64. Ke2 Nc8 65. Kf2 Nb6 66. Bd1 Kf6 67.
Rcb1 Nc8 68. Bf3 Nd6 69. Rc1 Be8 70. Rcb1 Bg6 71. Rc1 Rh8 72. Rh1 Ra4 73. Rxa4
bxa4 74. Ra1 Ra8 75. Ke1 Nb5 76. Nxc4 Nxc3 77. Nb6 Ra7 78. d6 Be8 79. Bg4 a3 80.
d7 Bxd7 81. Nxd7+ Kg7 82. Nc5 a2 83. Kd2 Ra3 84. Kc2 Nb5 85. Kb2 Rg3 86. Kxa2
Rxg2+ 87. Kb3 f3 88. Rf1 Nd4+ 89. Kc4 f2 90. Ne6+ 1-0

[Event "Mondiale Semilampo 2016"]
[Site "Doha QAT"]
[Date "2016.12.26"]
[Round "1.6"]
[White "Flores, Diego"]
[Black "Dominguez Perez, Leinier"]
[Result "0-1"]
[WhiteTitle "GM"]
[BlackTitle "GM"]
[WhiteElo "2579"]
[BlackElo "2739"]
[WhiteFideId "108049"]
[BlackFideId "3503240"]
[EventDate "2016.12.26"]

1. c4 g6 2. Nc3 c5 3. g3 Bg7 4. Bg2 Nc6 5. Nf3 d6 6. O-O e6 7. e3 Nge7 8. d4 O-O
9. b3 Re8 10. Bb2 cxd4 11. exd4 d5 12. cxd5 exd5 13. h3 Nf5 14. Ne2 b6 15. Nf4
Bb7 16. Re1 Qd6 17. h4 h6 18. Qd2 Re4 19. Ne2 Rae8 20. Nc3 Rxe1+ 21. Rxe1 Rxe1+
22. Qxe1 Ncxd4 23. Nxd4 Nxd4 24. Qe8+ Bf8 25. Bc1 Qe6 26. Qxe6 fxe6 27. Bf4 Bb4
28. Nd1 Ne2+ 0-1

[Event "Mondiale Semilampo 2016"]
[Site "Doha QAT"]
[Date "2016.12.26"]
[Round "1.11"]
[White "Aronian, Levon"]
[Black "Mchedlishvili, Mikheil"]
[Result "1-0"]
[WhiteTitle "GM"]
[BlackTitle "GM"]
[WhiteElo "2785"]
[BlackElo "2601"]
[WhiteFideId "13300474"]
[BlackFideId "13600966"]
[EventDate "2016.12.26"]

1. c4 e5 2. g3 Nc6 3. Bg2 g6 4. Nc3 Bg7 5. Rb1 f5 6. b4 Nf6 7. b5 Ne7 8. e3 O-O
9. Nge2 d6 10. O-O g5 11. f4 gxf4 12. exf4 Ng6 13. d3 Kh8 14. Bb2 a6 15. a4 axb5
16. axb5 Rb8 17. Nd5 Be6 18. Ne3 Qd7 19. Kh1 c6 20. fxe5 dxe5 21. d4 Ng4 22.
Nxg4 fxg4 23. Rxf8+ Rxf8 24. bxc6 bxc6 25. d5 cxd5 26. cxd5 Bf5 27. Rc1 Rd8 28.
Qd2 Qa4 29. Nc3 Qd4 30. Qe1 Qb4 31. Qe2 e4 32. Ba1 Re8 33. Qe3 Ra8 34. d6 Rxa1
35. Rxa1 Bxc3 36. Rd1 Bd7 37. Bxe4 Kg7 38. Rb1 Qa5 39. Rb7 Qa1+ 40. Bb1 Nf8 41.
h4 gxh3 42. Qe7+ Kg8 43. Kh2 Bg7 44. Rxd7 Nxd7 45. Qe6+ Kh8 46. Qxd7 Qf6 47. Bf5
h5 48. Qe8+ Bf8 49. d7 Qxf5 50. d8=Q Qf2+ 51. Kxh3 1-0

[Event "Mondiale Semilampo 2016"]
[Site "Doha QAT"]
[Date "2016.12.26"]
[Round "1.13"]
[White "Yu, Yangyi"]
[Black "Bindrich, Falko"]
[Result "1-0"]
[WhiteTitle "GM"]
[BlackTitle "GM"]
[WhiteElo "2729"]
[BlackElo "2590"]
[WhiteFideId "8603820"]
[BlackFideId "4676670"]
[EventDate "2016.12.26"]

1. e4 e5 2. Nf3 Nc6 3. Bb5 Nf6 4. d3 Bc5 5. c3 O-O 6. O-O d6 7. Nbd2 Bb6 8. Bxc6
bxc6 9. Re1 Re8 10. Nf1 h6 11. Ng3 Rb8 12. h3 d5 13. Qc2 Nd7 14. Be3 Qf6 15. a4
a5 16. Rad1 Ba6 17. Bxb6 cxb6 18. b4 axb4 19. cxb4 Bb7 20. exd5 cxd5 21. Qc7 Qc6
22. Rc1 Qxa4 23. Nf5 e4 24. dxe4 dxe4 25. Qg3 g6 26. Nxh6+ Kh7 27. Nxf7 exf3 28.
Ng5+ Kg8 29. Ne6 Nf8 30. Nxf8 Rxe1+ 31. Rxe1 Rxf8 32. Qxg6+ Kh8 33. Re7 1-0

[Event "Mondiale Semilampo 2016"]
[Site "Doha QAT"]
[Date "2016.12.26"]
[Round "1.14"]
[White "Bok, Benjamin"]
[Black "Melkumyan, Hrant"]
[Result "1-0"]
[WhiteTitle "GM"]
[BlackTitle "GM"]
[WhiteElo "2598"]
[BlackElo "2633"]
[WhiteFideId "1017063"]
[BlackFideId "13302485"]
[EventDate "2016.12.26"]

1. d4 d5 2. Nf3 Nf6 3. c4 c6 4. Nc3 dxc4 5. a4 Bf5 6. Ne5 e6 7. f3 Bb4 8. Nxc4
O-O 9. Kf2 Bg6 10. e4 c5 11. Na2 Nc6 12. Nxb4 Nxb4 13. Qb3 Nxe4+ 14. fxe4 Bxe4
15. dxc5 Nc2 16. Ra2 Qf6+ 17. Kg1 Rad8 18. Qc3 Rd1 19. Qxf6 gxf6 20. Bh6 Bd3 21.
Nd2 Rc8 22. Kf2 Rxc5 23. Bxd3 Rxh1 24. Bxc2 Rxc2 25. Ra3 Rxh2 26. Rg3+ Kh8 27.
Bg7+ Kg8 28. Bh6+ Kh8 29. Bg7+ Kg8 30. Bxf6+ Kf8 31. Rd3 Rc8 32. Rd7 Rh5 33. Ne4
Rf5+ 34. Ke3 Rb8 35. g4 Rf1 36. g5 Re1+ 37. Kf3 Rf1+ 38. Ke2 Rf4 39. Nd6 Kg8 40.
Rxf7 Rh4 41. Rg7+ Kf8 42. Rf7+ Kg8 43. Rd7 a6 44. Kf3 b5 45. axb5 axb5 46. g6
Rh6 47. Rg7+ Kf8 48. Rf7+ Kg8 49. Rg7+ Kf8 50. Rxh7 Rxg6 51. Be5 Ra8 52. Rh8+
Rg8 53. Rh6 Rg1 54. Rxe6 b4 55. Ke4 Rf1 56. Kd5 Ra5+ 57. Kc6 Ra8 58. Kb7 Rfa1
59. Bd4 b3 60. Re3 Rd8 61. Kc7 Ra7+ 62. Bxa7 1-0

[Event "Mondiale Semilampo 2016"]
[Site "Doha QAT"]
[Date "2016.12.26"]
[Round "1.15"]
[White "Zhigalko, Sergei"]
[Black "Zhang, Zhong"]
[Result "1-0"]
[WhiteTitle "GM"]
[BlackTitle "GM"]
[WhiteElo "2671"]
[BlackElo "2645"]
[WhiteFideId "13502956"]
[BlackFideId "8600694"]
[EventDate "2016.12.26"]

1. e4 d6 2. d4 Nf6 3. Nc3 c6 4. Nf3 Bg4 5. h3 Bh5 6. g4 Bg6 7. Bd3 e6 8. g5 Nfd7
9. Be3 Bh5 10. Be2 d5 11. Nd2 Bxe2 12. Nxe2 a5 13. c3 a4 14. h4 Be7 15. Qc2 Na6
16. Rg1 Nc7 17. h5 dxe4 18. Nxe4 Nd5 19. O-O-O b5 20. Nf4 Qc7 21. Nd3 N7b6 22.
Kb1 Nc4 23. Bc1 Qb6 24. g6 hxg6 25. hxg6 f6 26. Rge1 e5 27. dxe5 Nxe5 28. Nxe5
fxe5 29. Ng5 Bf6 30. Qf5 Qc5 31. Qe6+ Kd8 32. Be3 1-0

[Event "Mondiale Semilampo 2016"]
[Site "Doha QAT"]
[Date "2016.12.26"]
[Round "1.16"]
[White "Mareco, Sandro"]
[Black "Artemiev, Vladislav"]
[Result "0-1"]
[WhiteTitle "GM"]
[BlackTitle "GM"]
[WhiteElo "2635"]
[BlackElo "2653"]
[WhiteFideId "112275"]
[BlackFideId "24101605"]
[EventDate "2016.12.26"]

1. Nf3 d5 2. c4 c6 3. d4 Nf6 4. Nc3 e6 5. e3 Nbd7 6. Qc2 Bd6 7. Be2 O-O 8. O-O
Re8 9. Rd1 Qe7 10. b3 b6 11. Bb2 Bb7 12. Rac1 Rad8 13. a3 c5 14. cxd5 exd5 15.
Qf5 a6 16. dxc5 bxc5 17. Bf1 Ne5 18. Nxe5 Bxe5 19. Na4 Bxb2 20. Nxb2 Ne4 21. Na4
Rd6 22. f3 Bc8 23. Qh5 Ng3 24. hxg3 Qxe3+ 25. Kh2 Rh6 26. Qxh6 Qxh6+ 27. Kg1
Qe3+ 28. Kh2 Re6 29. g4 Rh6+ 30. Kg3 f5 31. gxf5 Bxf5 32. Rxc5 Rg6+ 33. Kh2 Qf2 0-1

[Event "Mondiale Semilampo 2016"]
[Site "Doha QAT"]
[Date "2016.12.26"]
[Round "1.17"]
[White "Malakhov, Vladimir"]
[Black "Tregubov, Pavel V."]
[Result "1/2-1/2"]
[WhiteTitle "GM"]
[BlackTitle "GM"]
[WhiteElo "2713"]
[BlackElo "2585"]
[WhiteFideId "4120787"]
[BlackFideId "4115341"]
[EventDate "2016.12.26"]

1. Nf3 c5 2. c4 Nc6 3. Nc3 e5 4. e3 Nf6 5. Be2 d5 6. d4 cxd4 7. exd4 e4 8. Ne5
dxc4 9. Nxc6 bxc6 10. Qa4 Be7 11. d5 O-O 12. dxc6 Qc7 13. O-O Rb8 14. a3 Rb6 15.
Bxc4 Rxc6 16. Bf4 Bd6 17. Nb5 Rxc4 18. Nxc7 Rxa4 19. Bxd6 Rd8 20. Bb4 Be6 21.
Rfd1 Rb8 22. Rac1 a5 23. Na6 Re8 24. Bc3 Bg4 25. Re1 Nd5 26. Nc5 Nxc3 27. Rxc3
Rd4 28. f3 Bf5 29. fxe4 Rd2 30. Rec1 Bg6 31. R1c2 Rd1+ 32. Kf2 h5 33. Re2 h4 34.
b4 axb4 35. axb4 Rb1 36. Rc4 Rb8 37. Nd3 Rb3 38. Rd4 Rb6 39. Rb2 Ra3 40. b5 f6
41. Rd8+ Kh7 42. Nc5 Ra5 43. Nd7 Rbxb5 44. Rxb5 Rxb5 45. Nf8+ Kh6 46. Nxg6 Kxg6
47. Rh8 Kg5 48. Rg8 g6 49. Rf8 Rb2+ 1/2-1/2

[Event "Mondiale Semilampo 2016"]
[Site "Doha QAT"]
[Date "2016.12.26"]
[Round "1.18"]
[White "Debashis, Das"]
[Black "Wojtaszek, Radoslaw"]
[Result "1/2-1/2"]
[WhiteTitle "GM"]
[BlackTitle "GM"]
[WhiteElo "2472"]
[BlackElo "2749"]
[WhiteFideId "5024854"]
[BlackFideId "1118358"]
[EventDate "2016.12.26"]

1. d4 Nf6 2. c4 e6 3. Nc3 Bb4 4. e3 O-O 5. Bd3 d5 6. Nf3 b6 7. O-O Bb7 8. cxd5
exd5 9. a3 Bd6 10. b4 Re8 11. Qb3 a6 12. a4 c6 13. a5 b5 14. Nd2 Nbd7 15. e4
dxe4 16. Ndxe4 Be7 17. Ng5 Rf8 18. Re1 h6 19. Ne6 fxe6 20. Qxe6+ Kh8 21. Qxe7
Qc7 22. Qe2 Qd6 23. Ne4 Qd5 24. Nc5 Nxc5 25. dxc5 Rad8 26. Ra3 Bc8 27. Bb1 Qd4
28. Rb3 Bg4 29. Qb2 Rfe8 30. Rbe3 Rxe3 31. fxe3 Qxb2 32. Bxb2 Nd5 33. h3 Be6 34.
Ba2 Re8 35. Bxd5 Bxd5 36. Bd4 Kg8 37. Rf1 Be4 38. Rf4 Re6 39. Rg4 g5 40. Rg3 Kf7
41. h4 gxh4 42. Rg7+ Kf8 43. Rg4 Bd5 44. Rxh4 Kf7 45. Kf2 Kg6 46. Rg4+ Kf5 47.
Rf4+ Kg5 48. Rf8 Rg6 49. Rf4 Rg8 50. Bf6+ Kg6 51. Bd4 Re8 52. g4 Re7 53. Rf6+
Kg5 54. Kg3 Rf7 55. Rf4 Kg6 56. Bc3 Re7 57. Rf6+ Kg5 58. Bd4 Rxe3+ 59. Bxe3+
Kxf6 60. Bxh6 Be4 61. Kf4 Bc2 62. Bg5+ Ke6 63. Kg3 Bb1 64. Kh4 Bc2 1/2-1/2

[Event "Mondiale Semilampo 2016"]
[Site "Doha QAT"]
[Date "2016.12.26"]
[Round "1.19"]
[White "Onischuk, Vladimir"]
[Black "Ghaem Maghami, Ehsan"]
[Result "1/2-1/2"]
[WhiteTitle "GM"]
[BlackTitle "GM"]
[WhiteElo "2601"]
[BlackElo "2574"]
[WhiteFideId "14114038"]
[BlackFideId "12500739"]
[EventDate "2016.12.26"]

1. e4 c6 2. d4 d5 3. e5 Bf5 4. h4 h6 5. g4 Bd7 6. f4 h5 7. g5 g6 8. c4 e6 9. Nc3
Ne7 10. Be3 Nf5 11. Bf2 Na6 12. a3 dxc4 13. Bxc4 Nc7 14. Ne4 Nd5 15. Qd2 Be7 16.
Nf6+ Kf8 17. Ne2 a5 18. Nc3 a4 19. Nce4 Be8 20. O-O Kg7 21. Nc5 Bxc5 22. dxc5
Qa5 23. Qc1 b5 24. cxb6 Nxb6 25. Bd3 Nd5 26. Re1 Rb8 27. Ne4 c5 28. Nxc5 Bb5 29.
Be4 Rhd8 30. Rd1 Nfe7 31. b4 axb3 32. Nxb3 Qa8 33. Nd4 Ba4 34. Rd2 Qa5 35. Rd3
Rbc8 36. Qd2 Qxd2 37. Rxd2 Nxf4 38. Kh2 Nfd5 39. Nf3 Nc3 40. Rxd8 Rxd8 41. Bb7
Rb8 42. Ba6 Rb2 43. Kg1 Ned5 44. Rc1 Ne4 45. Bd4 Rb8 1/2-1/2

[Event "Mondiale Semilampo 2016"]
[Site "Doha QAT"]
[Date "2016.12.26"]
[Round "1.21"]
[White "Korobov, Anton"]
[Black "Khusnutdinov, Rustam"]
[Result "1-0"]
[WhiteTitle "GM"]
[BlackTitle "GM"]
[WhiteElo "2692"]
[BlackElo "2458"]
[WhiteFideId "14105730"]
[BlackFideId "13701703"]
[EventDate "2016.12.26"]

1. d4 Nf6 2. c4 g6 3. Nc3 d5 4. cxd5 Nxd5 5. e4 Nxc3 6. bxc3 Bg7 7. Bg5 c5 8.
Rc1 O-O 9. d5 f5 10. Bc4 Kh8 11. h4 Qe8 12. h5 fxe4 13. hxg6 Qxg6 14. Bxe7 Bg4
15. Be2 Bxe2 16. Qxe2 Re8 17. Bxc5 Nd7 18. Be3 Ne5 19. Kf1 Rac8 20. Nh3 Nd3 21.
Nf4 Qf5 22. Nxd3 exd3 23. Qh5 Re5 24. Qxf5 Rxf5 25. c4 b5 26. g4 Re5 27. cxb5
Rxc1+ 28. Bxc1 Rxd5 29. Be3 Rxb5 30. Kg2 Rb4 31. g5 Bc3 32. Kf3 Ra4 33. g6 Kg7
34. Rxh7+ Kxg6 35. Rxa7 Rxa7 36. Bxa7 Kf5 37. Ke3 d2 38. Ke2 Ke4 39. f3+ Kf4 40.
Be3+ Kg3 41. Bxd2 Bd4 42. a4 1-0

[Event "Mondiale Semilampo 2016"]
[Site "Doha QAT"]
[Date "2016.12.26"]
[Round "1.22"]
[White "Lalith, Babu M R"]
[Black "Jobava, Baadur"]
[Result "0-1"]
[WhiteTitle "GM"]
[BlackTitle "GM"]
[WhiteElo "2587"]
[BlackElo "2702"]
[WhiteFideId "5024595"]
[BlackFideId "13601520"]
[EventDate "2016.12.26"]

1. Nf3 Nf6 2. c4 b6 3. g3 Bb7 4. Bg2 e6 5. O-O Be7 6. Nc3 O-O 7. Re1 d5 8. cxd5
exd5 9. d4 Re8 10. Bf4 Na6 11. Rc1 h6 12. Ne5 Bf8 13. Qa4 c5 14. Nb5 Nb4 15. a3
Nc6 16. Qc2 g5 17. Bd2 Nxd4 18. Nxd4 Rxe5 19. f4 Re8 20. fxg5 Ne4 21. Nf5 Nxd2
22. Qxd2 Qxg5 23. Qc2 Re5 24. Rf1 Rae8 25. Rce1 Qg6 26. Rf2 Bc8 27. Ref1 d4 28.
Bh3 Qh5 0-1

[Event "Mondiale Semilampo 2016"]
[Site "Doha QAT"]
[Date "2016.12.26"]
[Round "1.23"]
[White "Tomashevsky, Evgeny"]
[Black "Borisek, Jure"]
[Result "1-0"]
[WhiteTitle "GM"]
[BlackTitle "GM"]
[WhiteElo "2716"]
[BlackElo "2561"]
[WhiteFideId "4147235"]
[BlackFideId "14603152"]
[EventDate "2016.12.26"]

1. Nf3 c5 2. e3 Nf6 3. d4 e6 4. c4 d5 5. Nc3 a6 6. cxd5 exd5 7. g3 Nc6 8. Bg2 c4
9. Ne5 Bb4 10. Bd2 O-O 11. O-O Re8 12. Nxc6 bxc6 13. b3 Bg4 14. Qc2 Bxc3 15.
Bxc3 cxb3 16. axb3 Qd7 17. Rfe1 h5 18. f3 Bf5 19. Qe2 Qb7 20. b4 Nd7 21. Bf1 Nb6
22. Rxa6 Nc4 23. Rxa8 Rxa8 24. e4 Be6 25. Rc1 Ra3 26. Qe1 Qa7 27. Ra1 Qa4 28.
Rxa3 Qxa3 29. Bxc4 dxc4 30. Qd2 Qb3 31. Kf2 Qb1 32. d5 cxd5 33. exd5 Bf5 34. Ke3
Qg1+ 35. Kf4 Bd3 36. Qe1 Qa7 37. Qe8+ Kh7 38. Qe5 f6 39. Qxh5+ Kg8 40. Qe8+ Kh7
41. Qh5+ Kg8 42. Qe8+ Kh7 43. d6 Bg6 44. Qe3 Qd7 45. Qd4 Bd3 46. g4 Bf1 47. h4 1-0

[Event "Mondiale Semilampo 2016"]
[Site "Doha QAT"]
[Date "2016.12.26"]
[Round "1.24"]
[White "Aleksandrov, Aleksej"]
[Black "Inarkiev, Ernesto"]
[Result "0-1"]
[WhiteTitle "GM"]
[BlackTitle "GM"]
[WhiteElo "2574"]
[BlackElo "2709"]
[WhiteFideId "13500139"]
[BlackFideId "4162722"]
[EventDate "2016.12.26"]

1. d4 Nf6 2. c4 e6 3. Nc3 Bb4 4. e3 O-O 5. Ne2 d5 6. a3 Be7 7. cxd5 exd5 8. g3
Nbd7 9. Bg2 Nb6 10. O-O Re8 11. h3 c6 12. b3 Bd6 13. f3 c5 14. Nb5 Bf8 15. dxc5
Bxc5 16. Nbd4 Nbd7 17. Bd2 Ne5 18. Be1 Bd7 19. a4 Nc6 20. Bf2 Qb6 21. g4 h6 22.
Qc2 Rac8 23. Qb2 Nxd4 24. Nxd4 Bxd4 25. Qxd4 Qxd4 26. exd4 Rc3 27. Rab1 Rec8 28.
Rfd1 Nh7 29. Be1 Rc2 30. Bg3 Ng5 31. h4 Nxf3+ 32. Bxf3 R8c3 33. Rf1 Bxg4 34.
Bxd5 Rxg3+ 35. Kh1 Be6 36. Bxb7 Rh3+ 37. Kg1 Rxh4 38. Rf2 Rc7 39. Bg2 Rxd4 40.
b4 Rcc4 41. Rfb2 Bf5 42. Rf1 g6 0-1

[Event "Mondiale Semilampo 2016"]
[Site "Doha QAT"]
[Date "2016.12.26"]
[Round "1.25"]
[White "Dreev, Aleksey"]
[Black "Potapov, Pavel"]
[Result "1-0"]
[WhiteTitle "GM"]
[BlackTitle "GM"]
[WhiteElo "2652"]
[BlackElo "2493"]
[WhiteFideId "4100107"]
[BlackFideId "4169786"]
[EventDate "2016.12.26"]

1. d4 f5 2. c4 Nf6 3. Nc3 d6 4. Bg5 Nbd7 5. e3 g6 6. h4 h6 7. Bxf6 Nxf6 8. Qc2
c6 9. O-O-O Bg7 10. Nh3 Be6 11. Be2 Qa5 12. g4 fxg4 13. Nf4 Bf5 14. Bd3 Bxd3 15.
Qxd3 Qf5 16. Nxg6 Qxd3 17. Rxd3 Rg8 18. Nf4 Kf7 19. h5 e5 20. dxe5 dxe5 21. Nfe2
Rad8 22. Rxd8 Rxd8 23. Ng3 Ke6 24. Kc2 Bf8 25. a3 a6 26. b4 b5 27. c5 a5 28. Rg1
Ra8 29. Kb3 Rd8 30. Kc2 Ra8 31. Rd1 Be7 32. Kb3 axb4 33. axb4 Nd5 34. Nxd5 cxd5
35. e4 dxe4 36. Nxe4 Rf8 37. c6 Rc8 38. Nc5+ Bxc5 39. bxc5 Rxc6 40. Kb4 Ra6 41.
Rd2 Ra1 42. c6 Rb1+ 43. Ka5 Rc1 44. Kxb5 Kf5 45. Kb6 Rb1+ 46. Kc5 Rc1+ 47. Kd6
Kf4 48. Rd5 Kf3 49. Rc5 Ra1 50. c7 Ra8 51. c8=Q Rxc8 52. Rxc8 1-0

[Event "Mondiale Semilampo 2016"]
[Site "Doha QAT"]
[Date "2016.12.26"]
[Round "1.26"]
[White "Svane, Rasmus"]
[Black "Cheparinov, Ivan"]
[Result "1-0"]
[WhiteTitle "GM"]
[BlackTitle "GM"]
[WhiteElo "2555"]
[BlackElo "2689"]
[WhiteFideId "4657101"]
[BlackFideId "2905540"]
[EventDate "2016.12.26"]

1. Nf3 d5 2. d4 Nf6 3. c4 e6 4. Nc3 Bb4 5. Qa4+ Nc6 6. e3 O-O 7. Bd2 dxc4 8.
Bxc4 Bd6 9. Qc2 e5 10. dxe5 Nxe5 11. Nxe5 Bxe5 12. f4 Bxc3 13. Bxc3 Qe7 14. O-O
Qxe3+ 15. Kh1 Qb6 16. Rf3 Re8 17. Raf1 Bd7 18. Rg3 a6 19. f5 Bb5 20. Bxb5 Qxb5
21. Qc1 Kh8 22. Rff3 Rad8 23. h3 Qd5 24. Qg5 1-0

[Event "Mondiale Semilampo 2016"]
[Site "Doha QAT"]
[Date "2016.12.26"]
[Round "1.27"]
[White "Jakovenko, Dmitry"]
[Black "Kozul, Zdenko"]
[Result "1/2-1/2"]
[WhiteTitle "GM"]
[BlackTitle "GM"]
[WhiteElo "2704"]
[BlackElo "2613"]
[WhiteFideId "4122356"]
[BlackFideId "14502879"]
[EventDate "2016.12.26"]

1. d4 Nf6 2. c4 g6 3. Nc3 Bg7 4. e4 d6 5. Nf3 O-O 6. h3 c6 7. Be3 Na6 8. Be2 e5
9. d5 cxd5 10. cxd5 Nh5 11. O-O Nf4 12. Bc4 f5 13. Re1 g5 14. Nh2 fxe4 15. Nxe4
Bf5 16. Ng3 Bg6 17. Rc1 Nc7 18. a4 Ne8 19. Qb3 Rf7 20. Nf3 h6 21. Nd2 Nf6 22. f3
Kh7 23. Nde4 Nxe4 24. Nxe4 Bxe4 25. fxe4 g4 26. hxg4 Qg5 27. Be2 Raf8 28. Bxf4
exf4 29. Qh3 Bxb2 30. Rcd1 Be5 31. Rc1 Rg8 32. Bf3 Rgg7 33. Re2 Bd4+ 34. Kh2 Be3
35. Rd1 Rc7 36. Qh5 Qxh5+ 37. gxh5 Rge7 38. Bg4 Kg7 39. Bf5 Kf6 40. g3 Ke5 41.
Rd3 Rc4 42. Ra2 Rec7 43. gxf4+ Bxf4+ 44. Kg2 b6 45. Rb3 Rc2+ 46. Rxc2 Rxc2+ 47.
Kf3 Ra2 48. Rb4 Ra3+ 49. Ke2 Be3 50. Rc4 Bc5 51. Kd2 a6 52. Kc2 Ra1 53. Kb3 Rh1
54. Bg6 Bd4 55. Rc8 Rh3+ 56. Kc2 Ra3 57. Re8+ Kf4 58. Re6 Be5 59. Be8 Rc3+ 60.
Kd2 Rc8 61. Kd3 Rb8 62. Bc6 Kg5 63. Re8 Rxe8 64. Bxe8 Bh2 65. Bg6 1/2-1/2

[Event "Mondiale Semilampo 2016"]
[Site "Doha QAT"]
[Date "2016.12.26"]
[Round "1.28"]
[White "Atabayev, Maksat"]
[Black "Akopian, Vladimir"]
[Result "0-1"]
[WhiteTitle "GM"]
[BlackTitle "GM"]
[WhiteElo "2492"]
[BlackElo "2675"]
[WhiteFideId "14001101"]
[BlackFideId "13300032"]
[EventDate "2016.12.26"]

1. e4 e6 2. d4 d5 3. exd5 exd5 4. Bd3 Nf6 5. h3 c5 6. dxc5 Bxc5 7. Nf3 O-O 8.
O-O Nc6 9. a3 Ne4 10. Nbd2 Re8 11. Nb3 Bb6 12. Be3 Bxe3 13. fxe3 Bf5 14. Nbd4
Bg6 15. Qe1 Qb6 16. b4 Ne5 17. Nh4 Nc4 18. Bxc4 dxc4 19. Nxg6 hxg6 20. Qh4 Nd2
21. Rfe1 Re4 22. Qf2 c3 23. Qe2 Qc7 24. Qd3 Qg3 25. Kh1 Rd8 26. b5 Rdxd4 27.
Qxc3 Nf3 0-1

[Event "Mondiale Semilampo 2016"]
[Site "Doha QAT"]
[Date "2016.12.26"]
[Round "1.29"]
[White "Salem, A.R. Saleh"]
[Black "Pichot, Alan"]
[Result "1-0"]
[WhiteTitle "GM"]
[BlackTitle "GM"]
[WhiteElo "2656"]
[BlackElo "2544"]
[WhiteFideId "9301348"]
[BlackFideId "110973"]
[EventDate "2016.12.26"]

1. d4 Nf6 2. c4 g6 3. Nc3 Bg7 4. e4 d6 5. h3 O-O 6. Be3 c6 7. Nf3 a6 8. a4 a5 9.
Be2 Na6 10. O-O Nb4 11. Rc1 Qc7 12. Nd2 e5 13. d5 Nd7 14. Nb3 c5 15. Nb5 Qb8 16.
Qd2 f5 17. exf5 gxf5 18. f4 e4 19. g4 Nb6 20. Nxc5 dxc5 21. Bxc5 Rf6 22. g5 Rg6
23. Bxb6 Rxb6 24. c5 Rg6 25. d6 Bd7 26. Nc7 Qa7 27. h4 e3 28. Qd1 Bxb2 29. Qb3+
Be6 30. Qxb2 1-0

[Event "Mondiale Semilampo 2016"]
[Site "Doha QAT"]
[Date "2016.12.26"]
[Round "1.30"]
[White "Darini, Pouria"]
[Black "Amonatov, Farrukh"]
[Result "1-0"]
[WhiteTitle "GM"]
[BlackTitle "GM"]
[WhiteElo "2511"]
[BlackElo "2620"]
[WhiteFideId "12502200"]
[BlackFideId "14700077"]
[EventDate "2016.12.26"]

1. d4 Nf6 2. Nc3 d5 3. Bf4 c6 4. e3 Bf5 5. f3 e6 6. g4 Bg6 7. h4 h6 8. Bd3 Bxd3
9. Qxd3 Bd6 10. Nge2 Bxf4 11. Nxf4 Nbd7 12. O-O-O e5 13. Nfe2 Qe7 14. Ng3 g6 15.
h5 O-O-O 16. hxg6 fxg6 17. Qxg6 exd4 18. Nf5 Qe5 19. exd4 Qf4+ 20. Kb1 Qxf3 21.
Nxh6 Nf8 22. Qg5 Ne6 23. Qe5 Rde8 24. Rdf1 Qg2 25. Qxf6 Rhf8 26. Nf7 Nd8 27.
Nd6+ Kb8 28. Nxe8 Rxf6 29. Nxf6 Ne6 30. Rhg1 Qd2 31. Rd1 Qf4 32. Rgf1 Qg3 33. a3
a5 34. Nd7+ Ka7 35. Nc5 Nxc5 36. dxc5 Qxg4 37. Rde1 Qc4 38. Ne2 Qxc5 39. Nc1 Qb5
40. Rf7 1-0